000 00447nam a22001697a 4500
005 20180807143355.0
008 160514b xxu||||| |||| 00| 0 eng d
020 _a81-203-2111-1
041 _aeng
082 _b2179
_a658.3
100 _aMejia, Luis R, Gomez / Balki, David B. and Cardy, robert L
_94695
245 _aManaging Human Resources
260 _aNew Delhi
_bPHI,
_c2003
300 _a586p,
650 _aManagement
_9241
942 _cBK
999 _c813
_d813